Герои-сибиряки: Рассказы о подвигах героев Советского союза

מידע ביבליוגרפי
מחבר ראשי: Андреев Г. И. Григорий Иванович
מחברים אחרים: Вакуров И. Д. Иван Дмитриевич (иллюстратор), Кириллов В.
שפה:רוסית
יצא לאור: Новосибирск, Западно-Сибирское книжное издательство, 1967
נושאים:
פורמט: ספר
KOHA link:https://koha.lib.tpu.ru/cgi-bin/koha/opac-detail.pl?biblionumber=134247

MARC

LEADER 00000nam0a2200000 4500
001 134247
005 20231031135619.0
035 |a (RuTPU)RU\TPU\book\145506 
090 |a 134247 
100 |a 20080327d1967 m y0rusy50 ca 
101 0 |a rus 
102 |a RU 
105 |a a z 000ay 
200 1 |a Герои-сибиряки  |e Рассказы о подвигах героев Советского союза  |f Г. И. Андреев, И. Д. Вакуров  |g худож. В. Кириллов 
210 |a Новосибирск  |c Западно-Сибирское книжное издательство  |d 1967 
215 |a 208 с.  |c ил. 
610 1 |a Великая Отечественная война 1941-1945 
610 1 |a герои 
610 1 |a сибиряки 
610 1 |a рассказы 
675 |a 9(С)27  |v 3 
700 1 |a Андреев  |b Г. И.  |g Григорий Иванович 
701 1 |a Вакуров  |b И. Д.  |g Иван Дмитриевич 
702 1 |a Кириллов  |b В.  |4 440 
801 1 |a RU  |b 63413507  |c 20080327  |g PSBO 
801 2 |a RU  |b 63413507  |c 20150821  |g RCR 
942 |c BK